[Event "SV Bönen 1 - SV Erkenschwick 2"]
[Site "Verbandsliga - Gruppe 1 2021/"]
[Date "2022.03.06"]
[Round "6.5"]
[White "Strohmann, Marcel"]
[Black "Helmert, Jochen"]
[Result "1/2-1/2"]
[WhiteElo "1893"]
[BlackElo "1894"]
[PlyCount "80"]
[EventDate "2022.??.??"]
[WhiteTeam "SV Erkenschwick 2"]
[BlackTeam "SV Bönen 1"]

1. e4 e5 2. Nf3 d6 3. d4 exd4 4. Nxd4 Nf6 5. Nc3 Be7 6. Be2 O-O 7. Be3 Re8 8.
O-O Nbd7 9. Qd2 Nc5 10. f3 a5 11. Rfd1 c6 12. Nb3 Ne6 13. Na4 Nd7 14. c4 Qc7
15. Kh1 b6 16. Rac1 Ndc5 17. Nbxc5 dxc5 18. f4 Rd8 19. Qc3 Ba6 20. Qb3 Rxd1+
21. Rxd1 Rb8 22. f5 Ng5 23. Qc2 f6 24. Nc3 Nf7 25. b3 Bd6 26. g3 Be5 27. Rd3
Re8 28. Bf3 Re7 29. Qd2 Bc8 30. Bf4 Kf8 31. Bg2 Rd7 32. Rxd7 Bxd7 33. Na4 Bc8
34. Nc3 g5 35. fxg6 hxg6 36. Bxe5 Qxe5 37. Qd3 Bg4 38. h3 Be6 39. Kh2 Ke7 40.
Na4 Qc7 1/2-1/2

[Event "SV Bönen 1 - SV Erkenschwick 2"]
[Site "Verbandsliga - Gruppe 1 2021/"]
[Date "2022.03.06"]
[Round "6.6"]
[White "Lenz, Guntram"]
[Black "Al Marawi, Abdulhadi"]
[Result "1/2-1/2"]
[WhiteElo "1850"]
[BlackElo "1826"]
[PlyCount "74"]
[EventDate "2022.??.??"]
[WhiteTeam "SV Bönen 1"]
[BlackTeam "SV Erkenschwick 2"]

1. d4 Nf6 2. c4 g6 3. Nc3 Bg7 4. e4 d6 5. h3 O-O 6. Bg5 a6 7. Nf3 h6 8. Be3 b6
9. Bd3 c5 10. d5 e6 11. O-O e5 12. Qd2 Kh7 13. g4 Ng8 14. Qc2 Nd7 15. Ne2 Ndf6
16. Ng3 Bd7 17. a4 a5 18. Kg2 Ne7 19. Nh2 g5 20. Nf5 Ng6 21. Nf3 Bxf5 22. gxf5
Nf4+ 23. Bxf4 gxf4 24. Kh2 Kh8 25. Rg1 Nh7 26. Rg2 Ng5 27. Nxg5 hxg5 28. Qe2
Bf6 29. h4 Kg7 30. hxg5 Bxg5 31. Rh1 Rh8+ 32. Kg1 Rxh1+ 33. Kxh1 f6 34. Qh5 Qh8
35. Rh2 Qxh5 36. Rxh5 Rh8 37. Rxh8 Kxh8 1/2-1/2

[Event "SV Bönen 1 - SV Erkenschwick 2"]
[Site "Verbandsliga - Gruppe 1 2021/"]
[Date "2022.03.06"]
[Round "6.7"]
[White "Broksch, Dirk"]
[Black "Wegner, Stephan"]
[Result "0-1"]
[WhiteElo "1852"]
[BlackElo "1753"]
[PlyCount "100"]
[EventDate "2022.??.??"]
[WhiteTeam "SV Erkenschwick 2"]
[BlackTeam "SV Bönen 1"]

1. e4 e6 2. d4 d5 3. exd5 exd5 4. Nf3 Bd6 5. h3 Nc6 6. Be2 Nge7 7. Nc3 a6 8.
Bg5 f6 9. Be3 Be6 10. Qd2 Qd7 11. a3 O-O 12. Bf4 Nf5 13. g4 Bxf4 14. Qxf4 Qd6
15. Qd2 Nfe7 16. O-O-O Ng6 17. Bd3 Qf4 18. Qxf4 Nxf4 19. Ne2 Nxd3+ 20. Rxd3
Rae8 21. Nf4 Bf7 22. Re1 Re4 23. Ng2 Bg6 24. Rd2 Rfe8 25. Kd1 Nd8 26. Ne3 c6
27. Nh4 Ne6 28. c3 Nf4 29. Rh1 R4e6 30. Nxg6 hxg6 31. Rh2 Kf7 32. Ng2 Nxg2 33.
Rxg2 Re1+ 34. Kc2 g5 35. Rh2 a5 36. f3 a4 37. Rdf2 b5 38. f4 gxf4 39. Rxf4
R1e2+ 40. Rxe2 Rxe2+ 41. Kc1 Re3 42. h4 Kg6 43. g5 Re4 44. Rxe4 dxe4 45. gxf6
gxf6 46. b3 axb3 47. c4 bxc4 48. a4 e3 49. a5 e2 50. Kd2 b2 0-1

[Event "SV Bönen 1 - SV Erkenschwick 2"]
[Site "Verbandsliga - Gruppe 1 2021/"]
[Date "2022.03.06"]
[Round "6.8"]
[White "Volling, Andreas"]
[Black "Broszeit, Peter"]
[Result "1/2-1/2"]
[WhiteElo "1814"]
[BlackElo "1791"]
[PlyCount "48"]
[EventDate "2022.??.??"]
[WhiteTeam "SV Bönen 1"]
[BlackTeam "SV Erkenschwick 2"]

1. d4 Nf6 2. c4 c5 3. d5 b5 4. Nd2 g6 5. e4 d6 6. cxb5 a6 7. bxa6 Bxa6 8. Bxa6
Nxa6 9. Ne2 Bg7 10. Nc3 O-O 11. O-O Nd7 12. Nc4 Nb6 13. Qe2 Nxc4 14. Qxc4 Qb6
15. Rb1 Rfb8 16. Be3 Qb4 17. Qd3 Nc7 18. Rfc1 Nb5 19. Nxb5 Qxb5 20. Qxb5 Rxb5
21. b4 Rxb4 22. Rxb4 cxb4 23. Rc2 f5 24. f3 Ra3 1/2-1/2

[Event "SV Kamen 2 - SV Waltrop 1"]
[Site "Verbandsliga - Gruppe 1 2021/"]
[Date "2022.03.06"]
[Round "6.1"]
[White "Eckert, Marius"]
[Black "Georg, Felix"]
[Result "1-0"]
[WhiteElo "2161"]
[BlackElo "1985"]
[PlyCount "29"]
[EventDate "2022.??.??"]
[WhiteTeam "SV Waltrop 1"]
[BlackTeam "SV Kamen 2"]

1. d4 e6 2. Bf4 f5 3. e3 Nf6 4. h4 b6 5. h5 Bd6 6. Nh3 Bb7 7. Nd2 O-O 8. Nc4
Bxf4 9. Nxf4 Qe7 10. c3 d6 11. Qb3 Kh8 12. Bd3 e5 13. Nxe5 Bd5 14. Nxd5 Nxd5
15. Ng6+ 1-0

[Event "SV Kamen 2 - SV Waltrop 1"]
[Site "Verbandsliga - Gruppe 1 2021/"]
[Date "2022.03.06"]
[Round "6.2"]
[White "Bals, Jochen"]
[Black "Gasper, Joern"]
[Result "1/2-1/2"]
[WhiteElo "1917"]
[BlackElo "2084"]
[PlyCount "51"]
[EventDate "2022.??.??"]
[WhiteTeam "SV Kamen 2"]
[BlackTeam "SV Waltrop 1"]

1. d4 Nf6 2. Nf3 e6 3. c4 d5 4. Nc3 Nbd7 5. e3 Be7 6. Bd3 O-O 7. O-O dxc4 8.
Bxc4 a6 9. a4 c5 10. b3 b6 11. Qe2 Bb7 12. Rd1 cxd4 13. Nxd4 Qc7 14. Bb2 Ne5
15. Rac1 Nxc4 16. Qxc4 Qxc4 17. bxc4 Rac8 18. Nb1 Rfd8 19. Ba3 Kf8 20. Bxe7+
Kxe7 21. Nd2 Rd6 22. N2b3 g6 23. c5 bxc5 24. Nxc5 Ba8 25. Nd3 Rxc1 26. Rxc1
1/2-1/2

[Event "SV Kamen 2 - SV Waltrop 1"]
[Site "Verbandsliga - Gruppe 1 2021/"]
[Date "2022.03.06"]
[Round "6.3"]
[White "Atali, Dogukan"]
[Black "Koch, Marcel"]
[Result "1-0"]
[WhiteElo "1921"]
[BlackElo "1893"]
[PlyCount "117"]
[EventDate "2022.??.??"]
[WhiteTeam "SV Waltrop 1"]
[BlackTeam "SV Kamen 2"]

1. e4 d5 2. exd5 Qxd5 3. Nc3 Qa5 4. d4 Nf6 5. Bc4 Bf5 6. Nge2 e6 7. Bd2 c6 8.
O-O Nbd7 9. Ng3 Bg6 10. Nd5 Qd8 11. Nf4 Nd5 12. Nxd5 cxd5 13. Bxd5 exd5 14.
Re1+ Be7 15. Bb4 Be4 16. Bxe7 Qxe7 17. f3 Nf6 18. c4 O-O 19. cxd5 Bxf3 20. Rxe7
Bxd1 21. Rxd1 Nxd5 22. Rxb7 Rfb8 23. Rxb8+ Rxb8 24. Rc1 g6 25. b3 Nb4 26. a3
Nd3 27. Rc3 Nf4 28. Kf2 h5 29. Ne2 Nd5 30. Rc5 Rd8 31. b4 Kf8 32. Kf3 Ke7 33.
Ra5 Rd7 34. h3 Ke6 35. Ke4 f5+ 36. Kd3 g5 37. h4 gxh4 38. Ra6+ Kf7 39. Rh6 Nf6
40. Nf4 Kg7 41. Rg6+ Kf7 42. Rg5 Rd8 43. Rxf5 Rc8 44. Nxh5 Kg6 45. Rxf6+ Kxh5
46. Ra6 Rg8 47. Ra5+ Kh6 48. Ra6+ Kh5 49. Rxa7 Rxg2 50. Rh7+ Kg4 51. a4 h3 52.
a5 h2 53. Kc4 Rc2+ 54. Kb5 Rf2 55. d5 Rd2 56. Kc6 Rc2+ 57. Kb6 Rd2 58. a6 Kf5
59. a7 1-0

[Event "SV Kamen 2 - SV Waltrop 1"]
[Site "Verbandsliga - Gruppe 1 2021/"]
[Date "2022.03.06"]
[Round "6.4"]
[White "Spaeh, Jan Lukas"]
[Black "Winterberg, Andreas"]
[Result "1/2-1/2"]
[WhiteElo "1863"]
[BlackElo "1978"]
[PlyCount "40"]
[EventDate "2022.??.??"]
[WhiteTeam "SV Kamen 2"]
[BlackTeam "SV Waltrop 1"]

1. e4 e5 2. d4 exd4 3. Qxd4 Nc6 4. Qe3 Nf6 5. Nc3 Bb4 6. Bd2 O-O 7. O-O-O Re8
8. Bc4 d6 9. Nf3 Be6 10. Bxe6 Rxe6 11. Ng5 Re8 12. Qf4 h6 13. h4 Qe7 14. f3 Qe5
15. Nh3 Nd4 16. Kb1 Ne6 17. Qxe5 dxe5 18. Nd5 Nxd5 19. exd5 Bxd2 20. Rxd2 Rad8
1/2-1/2

[Event "SV Kamen 2 - SV Waltrop 1"]
[Site "Verbandsliga - Gruppe 1 2021/"]
[Date "2022.03.06"]
[Round "6.5"]
[White "Drewes, Martin"]
[Black "Riemer, Dominik"]
[Result "1/2-1/2"]
[WhiteElo "1954"]
[BlackElo "1774"]
[PlyCount "59"]
[EventDate "2022.??.??"]
[WhiteTeam "SV Waltrop 1"]
[BlackTeam "SV Kamen 2"]

1. e4 c5 2. c3 b6 3. d4 e6 4. d5 d6 5. Bc4 e5 6. Ne2 a6 7. a4 f5 8. exf5 Bxf5
9. Ng3 Bg6 10. O-O Nf6 11. f4 Nbd7 12. Nd2 Be7 13. Nf3 exf4 14. Bxf4 Nh5 15.
Nxh5 Bxh5 16. Qe2 O-O 17. Bxd6 Bxd6 18. Qe6+ Kh8 19. Qxd6 Bxf3 20. Rxf3 Rxf3
21. gxf3 Qg5+ 22. Qg3 Qe3+ 23. Qf2 Qf4 24. Bd3 Rf8 25. Be4 Nf6 26. Qe2 Nxd5 27.
Kh1 Nf6 28. Bb7 Re8 29. Qg2 Qc4 30. Qf1 1/2-1/2

[Event "SV Kamen 2 - SV Waltrop 1"]
[Site "Verbandsliga - Gruppe 1 2021/"]
[Date "2022.03.06"]
[Round "6.6"]
[White "Markert, Dirk"]
[Black "Breidenbach, Rolf"]
[Result "1/2-1/2"]
[WhiteElo "1854"]
[BlackElo "1937"]
[PlyCount "66"]
[EventDate "2022.??.??"]
[WhiteTeam "SV Kamen 2"]
[BlackTeam "SV Waltrop 1"]

1. d4 g6 2. Bf4 c6 3. Nc3 Bg7 4. e3 d5 5. Be2 Nf6 6. h4 h5 7. Nf3 Bf5 8. Ne5
Nbd7 9. Qd2 Ne4 10. Nxe4 Bxe4 11. f3 Bf5 12. O-O-O Nxe5 13. Bxe5 Bxe5 14. dxe5
Qb6 15. Qd4 O-O-O 16. Rhe1 Rhe8 17. Bd3 c5 18. Qf4 Be6 19. Qa4 c4 20. Bf1 Qc5
21. Rd4 Kb8 22. c3 b5 23. Qd1 Rd7 24. Kb1 Red8 25. Ka1 Qc7 26. f4 Bf5 27. Be2
e6 28. g3 Qc5 29. Bf3 Bd3 30. Be2 Bxe2 31. Rxe2 Kc7 32. Red2 Qc6 33. Kb1 Kc8
1/2-1/2

[Event "SV Kamen 2 - SV Waltrop 1"]
[Site "Verbandsliga - Gruppe 1 2021/"]
[Date "2022.03.06"]
[Round "6.7"]
[White "Schmidt, Sebastian"]
[Black "Tubis, Reiner"]
[Result "1-0"]
[WhiteElo "1768"]
[BlackElo "1626"]
[PlyCount "57"]
[EventDate "2022.??.??"]
[WhiteTeam "SV Waltrop 1"]
[BlackTeam "SV Kamen 2"]

1. e4 e5 2. Nf3 Nf6 3. Nxe5 d6 4. Nf3 Nxe4 5. Nc3 Nxc3 6. dxc3 Be6 7. Be3 Be7
8. Bd3 c6 9. Nd4 Qd7 10. Nxe6 Qxe6 11. O-O O-O 12. Re1 Re8 13. Bxa7 Qd7 14. Be3
Na6 15. Qd2 Nc7 16. a3 Bf6 17. Rad1 Ra5 18. Bf4 Ne6 19. Bxd6 Rd5 20. Bg3 g6 21.
Qc1 Rd8 22. Be2 Rd2 23. Bd3 Rxd1 24. Rxd1 b5 25. Be2 Qa7 26. Rxd8+ Bxd8 27. Qd2
Bf6 28. Qd6 Qb7 29. Bf3 1-0

[Event "SV Kamen 2 - SV Waltrop 1"]
[Site "Verbandsliga - Gruppe 1 2021/"]
[Date "2022.03.06"]
[Round "6.8"]
[White "Zeitz, Max"]
[Black "Sehrbrock, Christoph"]
[Result "1-0"]
[WhiteElo "1447"]
[BlackElo "1832"]
[PlyCount "91"]
[EventDate "2022.??.??"]
[WhiteTeam "SV Kamen 2"]
[BlackTeam "SV Waltrop 1"]

1. e4 c6 2. d4 d5 3. Nd2 dxe4 4. Nxe4 Bf5 5. Ng3 Bg6 6. N1e2 e6 7. h4 h6 8. Nf4
Bh7 9. c3 Nf6 10. Bd3 Bxd3 11. Nxd3 Bd6 12. Bf4 Bxf4 13. Nxf4 Nbd7 14. h5 Qc7
15. Qf3 Nd5 16. Nxd5 cxd5 17. O-O O-O 18. Rfe1 Rab8 19. a4 b5 20. axb5 Rxb5 21.
b4 Rc8 22. Rec1 Rxb4 23. cxb4 Qxc1+ 24. Rxc1 Rxc1+ 25. Kh2 Rc4 26. Ne2 Rxb4 27.
Qa3 Rb7 28. Qa6 Rc7 29. Kg3 Nf6 30. Kh4 Rc2 31. f3 Rd2 32. g4 Rc2 33. Kg3 Rc7
34. Qb5 Kh7 35. Nf4 Nd7 36. Nd3 Nf6 37. Nc5 Re7 38. Qb8 Ng8 39. f4 Nf6 40. Qc8
Ng8 41. g5 hxg5 42. fxg5 a5 43. g6+ fxg6 44. hxg6+ Kh8 45. Nd7 a4 46. Ne5 1-0

[Event "SV Ahlen 1 - SC Hansa Dortmund 2"]
[Site "Verbandsliga - Gruppe 2 2021/"]
[Date "2022.03.06"]
[Round "6.1"]
[White "Sundorf, Jannik"]
[Black "Torres-Kuckel, Rafael"]
[Result "1-0"]
[WhiteElo "2144"]
[BlackElo "2063"]
[Annotator "daniel"]
[PlyCount "83"]
[EventDate "2022.??.??"]
[WhiteTeam "SC Hansa Dortmund 2"]
[BlackTeam "SV Ahlen 1"]

1. d4 Nf6 2. c4 c5 3. d5 b5 4. cxb5 a6 5. bxa6 d6 6. e4 g6 7. Nc3 Bg7 8. Nf3
Nbd7 9. Be2 O-O 10. O-O Bxa6 11. Rb1 Qa5 12. Bd2 Bxe2 13. Qxe2 Qa6 14. Qxa6
Rxa6 15. b3 Rb8 16. Rfe1 Ne8 17. Re2 Nc7 18. Rc1 Ra3 $11 19. Bg5 Kf8 20. h3 Nb6
21. Nb1 Ra7 22. a4 Nd7 23. Nbd2 Na6 24. Re3 Rab7 25. Bf4 Nb4 26. Nc4 Na2 27.
Rc2 Nb4 28. Rd2 Nb6 29. Nxb6 Rxb6 30. e5 dxe5 31. Nxe5 Bxe5 32. Bxe5 Rc8 33. d6
exd6 34. Rxd6 Rb7 35. Bf6 Nc6 36. Rc3 Ne7 37. Rxc5 Rcb8 38. Rc3 Nf5 39. Rdc6
Ke8 40. g4 Ne7 41. Bxe7 Kxe7 42. Rc7+ 1-0

[Event "SV Ahlen 1 - SC Hansa Dortmund 2"]
[Site "Verbandsliga - Gruppe 2 2021/"]
[Date "2022.03.06"]
[Round "6.2"]
[White "Steinle, Carsten"]
[Black "Zelt, Jens"]
[Result "1-0"]
[WhiteElo "2074"]
[BlackElo "1994"]
[PlyCount "91"]
[EventDate "2022.??.??"]
[WhiteTeam "SV Ahlen 1"]
[BlackTeam "SC Hansa Dortmund 2"]

1. e4 d6 2. d4 c6 3. Bd3 e5 4. c3 Ne7 5. f4 exf4 6. Bxf4 Ng6 7. Be3 Be7 8. Nf3
Nd7 9. O-O O-O 10. Na3 Nb6 11. Nc4 Nxc4 12. Bxc4 Be6 13. Qb3 Bxc4 14. Qxc4 Bf6
15. Rf2 Qe7 16. Nd2 Rae8 17. Qb3 Rb8 18. Raf1 b6 19. Qd1 Bg5 20. Qe2 Bxe3 21.
Qxe3 c5 22. Rf5 Rbe8 23. Qf2 Qe6 24. b3 Ne7 25. d5 Qg6 26. Rf3 b5 27. c4 a6 28.
e5 dxe5 29. Qxc5 Qc2 30. R3f2 Ng6 31. Qe3 Qxa2 32. c5 Qa5 33. d6 Rc8 34. Ne4 f6
35. Rc2 Nf4 36. c6 Nd5 37. Qc5 Nb4 38. d7 Rxc6 39. Qxc6 Nxc6 40. Rxc6 Qb4 41.
Nc5 Qd4+ 42. Kh1 Qd5 43. Rc8 Kf7 44. Rc1 Qd2 45. Rxf8+ Kxf8 46. d8=Q+ 1-0

[Event "SV Ahlen 1 - SC Hansa Dortmund 2"]
[Site "Verbandsliga - Gruppe 2 2021/"]
[Date "2022.03.06"]
[Round "6.3"]
[White "Linker, Walter"]
[Black "Woestmann, Ulrich"]
[Result "1/2-1/2"]
[WhiteElo "1997"]
[BlackElo "1999"]
[PlyCount "81"]
[EventDate "2022.??.??"]
[WhiteTeam "SC Hansa Dortmund 2"]
[BlackTeam "SV Ahlen 1"]

1. f4 d5 2. Nf3 c5 3. e3 a6 4. Ne5 Nf6 5. b3 e6 6. Bb2 Nc6 7. Nxc6 bxc6 8. Be2
Be7 9. O-O O-O 10. d3 a5 11. a4 Ba6 12. Nd2 Qb6 13. Rf3 Rad8 14. Qe1 Ne8 15.
Rh3 f5 16. g4 c4 17. g5 Rf7 18. Bh5 Bb4 19. Bxf7+ Kxf7 20. c3 Bd6 21. d4 cxb3
22. Rxh7 c5 23. Qd1 cxd4 24. cxd4 Rc8 25. Rc1 Bc4 26. Nf3 Qb4 27. Ra1 Qb6 28.
Ne5+ Ke7 29. h4 Be2 30. Qxe2 Rc2 31. Qd3 Rxb2 32. Rc1 Bxe5 33. fxe5 Ra2 34. Rh8
b2 35. Rb1 Ra1 36. Kf2 Rxb1 37. Qxb1 Qb4 38. Kf3 Qc3 39. Qa2 Qc1 40. Qa3+ Kd7
41. Qf8 1/2-1/2

[Event "SV Ahlen 1 - SC Hansa Dortmund 2"]
[Site "Verbandsliga - Gruppe 2 2021/"]
[Date "2022.03.06"]
[Round "6.5"]
[White "Hillebrand, Carsten"]
[Black "Dreesbach, Harald"]
[Result "1/2-1/2"]
[WhiteElo "1955"]
[BlackElo "1802"]
[PlyCount "38"]
[EventDate "2022.??.??"]
[WhiteTeam "SC Hansa Dortmund 2"]
[BlackTeam "SV Ahlen 1"]

1. d4 Nf6 2. Nf3 g6 3. g3 Bg7 4. Bg2 d6 5. O-O O-O 6. b3 c6 7. Bb2 Qc7 8. c4
Nbd7 9. Na3 a6 10. Qc1 Re8 11. Nc2 e5 12. Ne3 b6 13. Qc2 Bb7 14. Rad1 Rac8 15.
dxe5 dxe5 16. Ng5 h6 17. Ne4 Nxe4 18. Qxe4 Nc5 19. Qb1 Ne6 1/2-1/2

[Event "SV Ahlen 1 - SC Hansa Dortmund 2"]
[Site "Verbandsliga - Gruppe 2 2021/"]
[Date "2022.03.06"]
[Round "6.6"]
[White "Nattermueller, Matthias"]
[Black "Dawid, Adalbert"]
[Result "1/2-1/2"]
[WhiteElo "1910"]
[BlackElo "1892"]
[PlyCount "61"]
[EventDate "2022.??.??"]
[WhiteTeam "SV Ahlen 1"]
[BlackTeam "SC Hansa Dortmund 2"]

1. d4 d5 2. Bg5 h6 3. Bh4 Nf6 4. Nf3 c6 5. e3 Bf5 6. Bd3 Ne4 7. O-O Qb6 8. Nbd2
Nd6 9. Qe2 e6 10. Ne5 Bxd3 11. Qxd3 Nf5 12. Bg3 Be7 13. Ndf3 Nxg3 14. fxg3 O-O
15. Rf2 Qc7 16. Raf1 Bd6 17. g4 f6 18. Ng6 Re8 19. e4 dxe4 20. Qxe4 Nd7 21.
Ngh4 Nf8 22. Kh1 Rad8 23. Ng6 Nxg6 24. Qxg6 Rf8 25. g5 Qf7 26. Qxf7+ Rxf7 27.
gxh6 gxh6 28. Ne5 Bxe5 29. dxe5 f5 30. g4 Rd5 31. gxf5 1/2-1/2

[Event "SV Ahlen 1 - SC Hansa Dortmund 2"]
[Site "Verbandsliga - Gruppe 2 2021/"]
[Date "2022.03.06"]
[Round "6.7"]
[White "Wolffgang, Georg"]
[Black "Jaeger, Niklas"]
[Result "0-1"]
[WhiteElo "1826"]
[BlackElo "1718"]
[PlyCount "66"]
[EventDate "2022.??.??"]
[WhiteTeam "SC Hansa Dortmund 2"]
[BlackTeam "SV Ahlen 1"]

1. d4 e6 2. Bf4 d5 3. Nf3 Be7 4. e3 f5 5. c4 c6 6. Bd3 Nf6 7. O-O O-O 8. Nc3
Ne4 9. Nd2 g5 10. Bxb8 Rxb8 11. f3 Nf6 12. Rc1 g4 13. Qe1 Bd7 14. f4 Qe8 15. a4
Qh5 16. Be2 Qh6 17. Rb1 Kh8 18. b4 Rg8 19. c5 Rg6 20. b5 Rbg8 21. Nb3 g3 22. h3
Bd8 23. Rf3 Ne4 24. Nxe4 fxe4 25. Rf1 e5 26. f5 Rg5 27. Qd2 Bxf5 28. Rxf5 Rxf5
29. Rf1 Rxf1+ 30. Bxf1 Bg5 31. Qe1 Bxe3+ 32. Kh1 Bxd4 33. Nxd4 exd4 0-1

[Event "SV Ahlen 1 - SC Hansa Dortmund 2"]
[Site "Verbandsliga - Gruppe 2 2021/"]
[Date "2022.03.06"]
[Round "6.8"]
[White "Lang, Nico"]
[Black "Werner, Patrick"]
[Result "1-0"]
[WhiteElo "1581"]
[BlackElo "1765"]
[Annotator "daniel"]
[PlyCount "75"]
[EventDate "2022.??.??"]
[WhiteTeam "SV Ahlen 1"]
[BlackTeam "SC Hansa Dortmund 2"]

1. e4 c6 2. d4 d5 3. e5 Bf5 4. f4 e6 5. Nf3 c5 6. Nc3 Nc6 7. Bd3 Nh6 8. Ne2 Qb6
9. c3 Be7 10. Rb1 $11 O-O 11. Be3 Bg6 12. Bxg6 hxg6 13. h4 Nf5 14. Bf2 cxd4 15.
Nexd4 Bc5 16. h5 Ncxd4 17. Bxd4 Ng3 18. Rh3 Nxh5 19. Qd2 f5 20. Bxc5 Qxc5 21.
Nd4 Kf7 22. Qf2 b5 23. Rd3 Rac8 24. a3 Qb6 25. Qf3 a5 26. g3 Rc7 27. Rbd1 Kg8
28. g4 fxg4 29. Qxg4 Rxf4 30. Qxg6 Re4+ 31. Kd2 Rxe5 32. Rh1 Nf6 33. Rdh3 Ne4+
34. Kc2 Kf8 35. Rh8+ Ke7 36. Qxg7+ Kd6 37. Rd8+ Kc5 38. Qxe5 1-0

[Event "SV Günnigfeld 1 - SK Sodingen/Castrop 2"]
[Site "Verbandsliga - Gruppe 2 2021/"]
[Date "2022.03.06"]
[Round "6.1"]
[White "Haberhausen, Ansgar"]
[Black "Freisen, Thomas"]
[Result "1/2-1/2"]
[WhiteElo "1994"]
[BlackElo "1966"]
[PlyCount "32"]
[EventDate "2022.??.??"]
[WhiteTeam "SK Sodingen/Castrop 2"]
[BlackTeam "SV Günnigfeld 1"]

1. d4 Nf6 2. Nf3 g6 3. c4 Bg7 4. Nc3 d5 5. Bf4 O-O 6. e3 c5 7. Qb3 dxc4 8. Qxc4
cxd4 9. Nxd4 a6 10. a4 Ne8 11. Rd1 Nd6 12. Bxd6 Qxd6 13. Nf5 Bxc3+ 14. Qxc3 Qf6
15. Qxf6 exf6 16. Nd4 Bd7 1/2-1/2

[Event "SV Günnigfeld 1 - SK Sodingen/Castrop 2"]
[Site "Verbandsliga - Gruppe 2 2021/"]
[Date "2022.03.06"]
[Round "6.2"]
[White "Jännekes, Oliver"]
[Black "Zwielich, Frank"]
[Result "1/2-1/2"]
[WhiteElo "1934"]
[BlackElo "1952"]
[PlyCount "34"]
[EventDate "2022.??.??"]
[WhiteTeam "SV Günnigfeld 1"]
[BlackTeam "SK Sodingen/Castrop 2"]

1. d4 d5 2. c4 e6 3. Nf3 c6 4. Nc3 dxc4 5. a4 Bb4 6. Bd2 Nf6 7. e3 Nbd7 8. Bxc4
O-O 9. O-O Qe7 10. Qb3 a5 11. Rad1 e5 12. dxe5 Nxe5 13. Nxe5 Qxe5 14. Ne2 b5
15. axb5 cxb5 16. Bd3 Be6 17. Qc2 Rfc8 1/2-1/2

[Event "SV Günnigfeld 1 - SK Sodingen/Castrop 2"]
[Site "Verbandsliga - Gruppe 2 2021/"]
[Date "2022.03.06"]
[Round "6.3"]
[White "Schriewer, Thomas"]
[Black "Markus, Peter"]
[Result "1/2-1/2"]
[WhiteElo "1865"]
[BlackElo "1845"]
[PlyCount "93"]
[EventDate "2022.??.??"]
[WhiteTeam "SK Sodingen/Castrop 2"]
[BlackTeam "SV Günnigfeld 1"]

1. d4 d5 2. Nf3 Nf6 3. Bf4 c5 4. e3 Nc6 5. c3 e6 6. Nbd2 Nh5 7. Bg5 Qb6 8. Rb1
h6 9. Bh4 g5 10. Ne5 Nxe5 11. Qxh5 Ng6 12. Bg3 cxd4 13. exd4 e5 14. Qe2 e4 15.
Qb5+ Qxb5 16. Bxb5+ Bd7 17. Bxd7+ Kxd7 18. h4 Bg7 19. h5 Ne7 20. O-O f5 21. f4
Ke6 22. Nb3 b6 23. Nc1 Ng8 24. Kf2 Nf6 25. Rh1 Ng4+ 26. Ke2 Rac8 27. Nb3 Bf8
28. Rbf1 Bd6 29. Rh3 Rhg8 30. Na1 Rc7 31. Nc2 Rcg7 32. Ne1 Bb8 33. Kd2 Nf6 34.
Ke2 gxf4 35. Bxf4 Bxf4 36. Rxf4 Rg5 37. Rfh4 Rg4 38. Rxg4 Rxg4 39. g3 Nh7 40.
Kf2 Ng5 41. Rh1 f4 42. gxf4 Rxf4+ 43. Ke2 Rg4 44. Kf2 Rf4+ 45. Ke2 Rg4 46. Kf2
Rf4+ 47. Ke2 1/2-1/2

[Event "SV Günnigfeld 1 - SK Sodingen/Castrop 2"]
[Site "Verbandsliga - Gruppe 2 2021/"]
[Date "2022.03.06"]
[Round "6.4"]
[White "Radi, Guenter"]
[Black "Schaefer, Michael"]
[Result "1-0"]
[WhiteElo "1855"]
[BlackElo "1659"]
[PlyCount "107"]
[EventDate "2022.??.??"]
[WhiteTeam "SV Günnigfeld 1"]
[BlackTeam "SK Sodingen/Castrop 2"]

1. d4 Nf6 2. c4 e6 3. Nc3 Bb4 4. Bg5 c5 5. dxc5 Bxc3+ 6. bxc3 Qa5 7. Bxf6 gxf6
8. Qd4 e5 9. Qd3 Qxc5 10. e4 d6 11. Nf3 Be6 12. Be2 Nd7 13. O-O Rc8 14. Nd2 Nb6
15. Qf3 Ke7 16. Rab1 Rc7 17. Rb4 Qc6 18. Rfb1 Na4 19. Bd1 Nc5 20. Bc2 b6 21.
Qe2 Na6 22. R4b2 Nc5 23. Rb4 Na6 24. Ra4 Nc5 25. Ra3 a5 26. f3 Rg8 27. Kh1 Nd7
28. Ba4 Qc5 29. Rab3 Bxc4 30. Nxc4 Qxc4 31. Qxc4 Rxc4 32. Bxd7 Kxd7 33. Rxb6
Rxc3 34. Rd1 Rc6 35. Rb5 Rgc8 36. Rxa5 Rc1 37. Rad5 R1c6 38. g4 Ra8 39. R1d2
Raa6 40. Kg2 Rc1 41. Rb2 Ra1 42. Rdd2 Ke7 43. Kg3 Kf8 44. Rdc2 Ra7 45. Kh4 Kg7
46. Kh5 h6 47. h4 Rf1 48. Rb3 Ra1 49. Rc8 f5 50. exf5 R7xa2 51. Rbb8 Kf6 52.
Rh8 e4 53. Rxh6+ Ke5 54. Re8+ 1-0

[Event "SV Günnigfeld 1 - SK Sodingen/Castrop 2"]
[Site "Verbandsliga - Gruppe 2 2021/"]
[Date "2022.03.06"]
[Round "6.5"]
[White "Baumeister, Christoph"]
[Black "Funke, Eckhard"]
[Result "1/2-1/2"]
[WhiteElo "1932"]
[BlackElo "1891"]
[PlyCount "47"]
[EventDate "2022.??.??"]
[WhiteTeam "SK Sodingen/Castrop 2"]
[BlackTeam "SV Günnigfeld 1"]

1. e4 d5 2. exd5 Qxd5 3. Nc3 Qd6 4. Nf3 Bg4 5. Be2 Nc6 6. O-O O-O-O 7. d3 e5 8.
Ng5 Bxe2 9. Qxe2 Nd4 10. Qd1 Qd7 11. f4 f6 12. Nf3 Bc5 13. Kh1 exf4 14. Bxf4
Ne7 15. Ne4 Bb6 16. Qd2 Ne6 17. Be3 Nd5 18. Bxb6 Nxb6 19. Rad1 f5 20. Neg5 Nxg5
21. Qxg5 g6 22. d4 Qg7 23. Ne5 Nd7 24. Nxd7 1/2-1/2

[Event "SV Günnigfeld 1 - SK Sodingen/Castrop 2"]
[Site "Verbandsliga - Gruppe 2 2021/"]
[Date "2022.03.06"]
[Round "6.6"]
[White "Bender, Markus"]
[Black "Kowalczyk, Frank"]
[Result "1-0"]
[WhiteElo "1820"]
[BlackElo "1717"]
[PlyCount "121"]
[EventDate "2022.??.??"]
[WhiteTeam "SV Günnigfeld 1"]
[BlackTeam "SK Sodingen/Castrop 2"]

1. d4 d5 2. Bf4 Nf6 3. e3 e6 4. Bd3 Nbd7 5. Nf3 Be7 6. Nbd2 O-O 7. h3 a6 8. a4
c6 9. c3 Re8 10. Ne5 Nxe5 11. dxe5 Nd7 12. Qh5 Nf8 13. Qe2 f6 14. Nf3 Nd7 15.
e4 fxe5 16. Nxe5 Nxe5 17. Bxe5 Bf6 18. Bxf6 Qxf6 19. e5 Qe7 20. O-O Bd7 21. f4
Rf8 22. Qh5 g6 23. Qg4 Qg7 24. a5 c5 25. Rf3 c4 26. Bc2 Qh6 27. h4 Rf7 28. Rf2
Raf8 29. g3 Re7 30. Rh2 Qh5 31. Qxh5 gxh5 32. Rd2 Rg7 33. Kf2 Bc6 34. Rdd1 Re7
35. Rg1 Rg7 36. Ke3 Be8 37. Rg2 Bc6 38. Rgg1 Be8 39. Bd1 Bg6 40. g4 hxg4 41.
Bxg4 Bf5 42. Bxf5 Rxf5 43. Rxg7+ Kxg7 44. Rg1+ Kf8 45. Rg5 Rf7 46. Kf3 b6 47.
axb6 Rb7 48. Ke3 Rxb6 49. Rg2 Rb7 50. Kd4 Rg7 51. Rxg7 Kxg7 52. f5 exf5 53.
Kxd5 Kf7 54. Kxc4 Ke6 55. Kd4 a5 56. b3 h5 57. c4 f4 58. Ke4 f3 59. Kxf3 Kxe5
60. Ke3 Kf5 61. Kd4 1-0

[Event "SV Günnigfeld 1 - SK Sodingen/Castrop 2"]
[Site "Verbandsliga - Gruppe 2 2021/"]
[Date "2022.03.06"]
[Round "6.7"]
[White "Mueller-Kreth, Kai"]
[Black "Bauer, Matthias"]
[Result "1-0"]
[WhiteElo "1711"]
[BlackElo "1738"]
[PlyCount "99"]
[EventDate "2022.??.??"]
[WhiteTeam "SK Sodingen/Castrop 2"]
[BlackTeam "SV Günnigfeld 1"]

1. e4 c6 2. d4 d5 3. exd5 cxd5 4. Bd3 Nf6 5. Nf3 Bg4 6. h3 Bh5 7. O-O e6 8. c3
Bd6 9. Bg5 O-O 10. Nbd2 Nbd7 11. Qc2 Qc7 12. Rfe1 Bg6 13. Bxg6 hxg6 14. Rac1
Rac8 15. g4 Bf4 16. Qd3 Nh7 17. Bxf4 Qxf4 18. Qe3 Qh6 19. Kg2 g5 20. Re2 Rfe8
21. Rce1 Ndf8 22. Ne5 Re7 23. Ndf3 f6 24. Nd3 b6 25. Qd2 Kf7 26. h4 gxh4 27.
Qxh6 gxh6 28. Nxh4 Rce8 29. f4 Nd7 30. Nb4 Nb8 31. Kf3 a5 32. Nd3 Nc6 33. a4
Nf8 34. Rh1 Ng6 35. Reh2 Rh8 36. f5 Nxh4+ 37. Rxh4 exf5 38. gxf5 Ree8 39. Rxh6
Rxh6 40. Rxh6 Kg7 41. Rh5 Nd8 42. Nf4 Re1 43. Nxd5 Nf7 44. Nxb6 Ng5+ 45. Kf2
Ra1 46. Rh2 Ra2 47. Ke3 Nf7 48. c4 Nd6 49. Rf2 Ra1 50. c5 1-0